| 000 | 00717cam a2200289 4500 | ||
|---|---|---|---|
| 008 | 000000n2001 000 0 eng u | ||
| 020 | _a0721911021 | ||
| 035 | _a(Sirsi) u109110 | ||
| 050 | _a614.7026 | ||
| 100 | _aHowarth, W. | ||
| 245 | _aWater pollution and water quality law. | ||
| 260 |
_aKent _bShaw and Sons _c2001 |
||
| 300 | _acxiii, 1212p. ; 24cm. | ||
| 350 | _a85.00 | ||
| 650 | _aWATER POLLUTION | ||
| 650 | _aWATER | ||
| 650 | _aRIVERS | ||
| 650 | _aLAKES | ||
| 650 | _aSTREAMS | ||
| 650 |
_aContamination _96231 |
||
| 650 | _aWATER QUALITY | ||
| 650 | _aAQUACULTURE | ||
| 650 | _aLAW | ||
| 690 | _aENVIRONMENTAL AND LAND CONSULTANCY | ||
| 700 | _aMcGillivray, D. | ||
| 942 | _n0 | ||
| 999 |
_c100883 _d100883 |
||